Alle Teilnehmer - Erste Fußball WM (leichtere Version) - Statistiken

Allgemein
  • Dieses Quiz wurde 89 mal gespielt
  • Das Durchschnittsergebnis liegt bei 4 aus 13
Answers on the Grid
Answers color-coded by a green-red scale on the quiz's grid according to % correct below.
Deutschland
England
Schweden
Italien
Niederlande
Spanien
Portugal
Sowjetunion
Japan
Ecuador
Kolumbien
Venezuela
Mexiko
USA
Chile
Bolivien
Peru
Uruguay
Paraguay
Brasilien
Argentinien
Rumänien
Frankreich
Belgien
Jugoslawien
 
Antwortstatistiken
Antwort % Korrekt
Uruguay
60%
Argentinien
40%
Brasilien
37%
USA
37%
Jugoslawien
34%
Bolivien
26%
Paraguay
26%
Rumänien
26%
Chile
23%
Belgien
20%
Frankreich
20%
Peru
20%
Mexiko
17%
Keine übereinstimmenden Quizze gefunden
Verteilung der Resultate
Anzahl Personen mit jedem Resultat
Perzentil nach korrekt beantworteten Fragen
Ihre Resultats-Entwicklung
Sie haben dieses Quiz noch nicht gespielt